000
00217 a2200097 4500
020
_a
9780590446839
041
_a
eng
100
_a
Cole, Joanna
245
_a
The magic schoolbus and the electric field trip
942
_c
BK
999
_c
31759
_d
31757